The Life of MUHAMMAD (Record no. 185544)

000 -LEADER
fixed length control field 00459 a2200169 4500
003 - CONTROL NUMBER IDENTIFIER
control field Nust
005 - DATE AND TIME OF LATEST TRANSACTION
control field 20230131125856.0
008 - FIXED-LENGTH DATA ELEMENTS--GENERAL INFORMATION
fixed length control field 170511b xxu||||| |||| 00| 0 eng d
040 ## - CATALOGING SOURCE
Transcribing agency Nust
082 ## - DEWEY DECIMAL CLASSIFICATION NUMBER
Classification number 297.63
100 ## - MAIN ENTRY--PERSONAL NAME
Personal name Haykal,Muhammad Husayn
9 (RLIN) 419
245 ## - TITLE STATEMENT
Title The Life of MUHAMMAD
Statement of responsibility, etc. Muhammad Husayn Haykal and Ismail Ragi A Al Faruqi
260 ## - PUBLICATION, DISTRIBUTION, ETC.
Place of publication, distribution, etc. Karachi
Name of publisher, distributor, etc. Darul Ishaat
300 ## - PHYSICAL DESCRIPTION
Extent 639:p
650 ## - SUBJECT ADDED ENTRY--TOPICAL TERM
Topical term or geographic name entry element The Life of MUHAMMAD
9 (RLIN) 420
942 ## - ADDED ENTRY ELEMENTS (KOHA)
Source of classification or shelving scheme
Koha item type Book
Holdings
Withdrawn status Lost status Source of classification or shelving scheme Damaged status Not for loan Permanent Location Current Location Shelving location Date acquired Full call number Barcode Date last seen Price effective from Koha item type Public note
          Military College of Signals (MCS) Military College of Signals (MCS) General Stacks 12/12/2016 297.63,HAY MCS31308 12/08/2016 12/12/2016 Book Almirah No.47, Shelf No.5
© 2023 Central Library, National University of Sciences and Technology. All Rights Reserved.